| 000 | 00981nam a2200265 i 4500 | ||
|---|---|---|---|
| 001 | 106689 | ||
| 003 | ES-MaACL | ||
| 005 | 20250303062542.0 | ||
| 007 | t| | ||
| 008 | 061215s1886 fr c |||| |bspa d | ||
| 080 | _a929 Francisco de Asís, Santo | ||
| 100 | 1 |
_aPardo Bazán, Emilia, _cCondesa de, _d1851-1921 _9176434 |
|
| 245 | 1 | 0 |
_aSan Francisco de Asís _b: (siglo XIII) / _cEmilia Pardo Bazán ; con un prólogo por Marcelino Menéndez y Pelayo. |
| 250 | _a2ª ed. | ||
| 260 |
_aParis : _bLibrería de Garnier Hermanos, _c1886 ( _fImp. Paul Dupont) |
||
| 300 |
_aCXXXV, 592 p. : _b1 retr. autora ; _c18 cm. |
||
| 600 | 1 | 4 |
_aFrancisco de Asís _cSanto. _952189 |
| 700 | 1 |
_aDupont, Paul. _946109 |
|
| 700 | 1 |
_aMenéndez y Pelayo, Marcelino, _d1856-1912 _980332 |
|
| 710 | 2 |
_aGarnier Hermanos. _9134410 |
|
| 752 |
_aFrancia - _dParís |
||
| 852 |
_aES-MaACL _jR-3481 _z. - Dedicatoria autógrafa de la autora _xOlim: B-4201 |
||
| 942 | _2udc | ||
| 999 |
_c106689 _d106689 |
||